Sarva vayogatansathi yogsadhana aani dhyandharana (Record no. 796897)

MARC details
000 -LEADER
fixed length control field 00686nam a2200229Ia 4500
008 - FIXED-LENGTH DATA ELEMENTS--GENERAL INFORMATION
fixed length control field 101110s9999 xx 000 0 und d
041 ## - LANGUAGE CODE
Language code of text/sound track or separate title MARATHI
082 ## - DEWEY DECIMAL CLASSIFICATION NUMBER
Item number JR6104
100 ## - MAIN ENTRY--PERSONAL NAME
Personal name Hota Bijyalakshmi, Talnikar Prashant (Anuvad)
245 ## - TITLE STATEMENT
Title Sarva vayogatansathi yogsadhana aani dhyandharana
260 ## - PUBLICATION, DISTRIBUTION, ETC. (IMPRINT)
Date of publication, distribution, etc 2007
Name of publisher, distributor, etc Mehata publication house,Pune
300 ## - PHYSICAL DESCRIPTION
Extent 72
365 ## - TRADE PRICE
Price amount 70
520 ## - SUMMARY, ETC.
Summary, etc commerce
520 ## - SUMMARY, ETC.
Summary, etc Gowande sir Interest & expenditure/2008-09
546 ## - LANGUAGE NOTE
Language note MARATHI
630 ## - SUBJECT ADDED ENTRY--UNIFORM TITLE
Uniform title Sarva vayogatansathi yogsadhana aani dhyandharana
650 ## - SUBJECT ADDED ENTRY--TOPICAL TERM
Topical term or geographic name as entry element commerce
655 ## - INDEX TERM--GENRE/FORM
Genre/form data or focus term commerce
730 ## - ADDED ENTRY--UNIFORM TITLE
Uniform title Sarva vayogatansathi yogsadhana aani dhyandharana
942 ## - ADDED ENTRY ELEMENTS (KOHA)
Koha item type Book
Holdings
Withdrawn status Lost status Damaged status Not for loan Home library Current library Shelving location Date acquired Source of acquisition Cost, normal purchase price Shelving control number Total Checkouts Barcode Date last seen Price effective from Koha item type
        D. B. J. College, Chiplun D. B. J. College, Chiplun     Yogesh prakashan pune, bill no.4591 dt.27/2/09 70.00     DBJJR6104 11/11/2010 11/11/2010 Book